000 00796nam a2200253 i 4500
001 93910
003 ES-MaACL
005 20250828114218.0
007 t|
008 050422s1982 sp |||| | spa d
080 _a301.151-153.7
100 1 _aLópez Quintás, Alfonso.
_973905
245 1 3 _aLa juventud actual entre el vértigo y el éxtasis
_b: creatividad y educación /
_cAlfonso López Quintás.
250 _a2ª ed.
260 _aMadrid :
_bNarcea,
_c1982.
300 _a171 p. ;
_c19 cm.
490 1 _aEducación hoy
504 _aBibliografía: p. 172-175.
650 4 _aJóvenes-
_xPsicología.
_913956
650 4 _aJóvenes-
_xEducación.
_912093
830 0 0 _aColección educación hoy (Narcea)
_9220320
852 _aES-MaACL
_jL-3970
999 _c93910
_d93910